[Event "XVIe Open International d'été de Nice"]
[Site "Nice - Hotel Aston"]
[Date "????.??.??"]
[Round "1.1"]
[White "Sumets, Andrey"]
[Black "Heikkila, Antti"]
[Result "1-0"]
[WhiteElo "2595"]
[BlackElo "1995"]
[PlyCount "57"]

1. d4 c5 2. d5 g6 3. c4 Bg7 4. e4 d6 5. Nc3 Nf6 6. Nf3 O-O 7. h3 Nbd7 8. Bd3
Rb8 9. O-O a6 10. Qe2 Ne8 11. Bf4 f6 12. Rab1 Nc7 13. a3 Ne5 14. Nxe5 fxe5 15.
Be3 e6 16. b4 exd5 17. exd5 cxb4 18. axb4 a5 19. bxa5 Na6 20. Rb6 Qh4 21. Ne4
Nc5 22. Bg5 Qh5 23. Qxh5 gxh5 24. Nxc5 dxc5 25. a6 h6 26. Be7 Rf7 27. d6 Bf8
28. Bxf8 Kxf8 29. Rfb1 1-0

[Event "XVIe Open International d'été de Nice"]
[Site "Nice - Hotel Aston"]
[Date "????.??.??"]
[Round "1.2"]
[White "Albanesi, Roberto"]
[Black "Sulava, Nenad"]
[Result "0-1"]
[WhiteElo "1994"]
[BlackElo "2549"]
[PlyCount "62"]

1. e4 c5 2. Nc3 a6 3. g3 b5 4. Bg2 Bb7 5. d3 e6 6. Nf3 d6 7. O-O Nd7 8. d4 b4
9. Ne2 Ngf6 10. b3 g6 11. Bb2 Bg7 12. g4 e5 13. h3 h5 14. g5 Nh7 15. h4 f6 16.
Bc1 Ndf8 17. Rb1 Ne6 18. Bh3 Bc8 19. Kh2 O-O 20. Be3 Ra7 21. Rg1 Raf7 22. Bxe6
Bxe6 23. Rg3 fxg5 24. Nxg5 Nxg5 25. hxg5 Bg4 26. Qd2 Bc8 27. Ng1 Rf4 28. Bxf4
exf4 29. Rg2 f3 30. Nxf3 Rxf3 31. Kg1 Bxd4 0-1

[Event "XVIe Open International d'été de Nice"]
[Site "Nice - Hotel Aston"]
[Date "????.??.??"]
[Round "1.3"]
[White "Karpatchev, Aleksandr"]
[Black "Montolio Benedicto, Cesar"]
[Result "1-0"]
[WhiteElo "2491"]
[BlackElo "1989"]
[PlyCount "79"]

1. e4 e5 2. Nf3 Nc6 3. d4 exd4 4. Bc4 Nf6 5. e5 d5 6. Bb5 Ne4 7. Nxd4 Bd7 8.
Bxc6 bxc6 9. O-O Be7 10. f3 Nc5 11. f4 f5 12. b4 Ne4 13. e6 Bc8 14. Nxc6 Qd6
15. Nxe7 Kxe7 16. Be3 Bxe6 17. Nd2 Qxb4 18. Rb1 Qa4 19. Nxe4 dxe4 20. Qh5 Qe8
21. Qg5+ Kf7 22. Bd4 Rg8 23. Qh5+ Ke7 24. Qxh7 Qf7 25. Qh4+ Kd7 26. Be5 Rab8
27. Qf2 Rxb1 28. Rxb1 Rc8 29. Qd4+ Ke8 30. Bxg7 Bxa2 31. Rd1 Be6 32. Bf6 Qd7
33. Qa1 Qc6 34. Bg5 Qc5+ 35. Kh1 Rb8 36. h3 a5 37. Qf6 Bc4 38. Qh8+ Qf8 39.
Qe5+ Kf7 40. Qxc7+ 1-0

[Event "XVIe Open International d'été de Nice"]
[Site "Nice - Hotel Aston"]
[Date "????.??.??"]
[Round "1.4"]
[White "Van Veenendaal, Elmer"]
[Black "Sanchez, Joseph"]
[Result "0-1"]
[WhiteElo "1981"]
[BlackElo "2491"]
[PlyCount "88"]

1. c4 e5 2. Nc3 Bb4 3. g3 Nf6 4. Bg2 O-O 5. Nf3 Re8 6. O-O c6 7. d3 h6 8. a3
Bf8 9. b4 d5 10. cxd5 cxd5 11. Bb2 Nc6 12. Rc1 Bg4 13. Nd2 a5 14. b5 Nd4 15.
Re1 Qd7 16. Qa4 Bh3 17. b6 Nc6 18. Nb5 Bxg2 19. Kxg2 Rac8 20. Nc7 Red8 21. Nb3
Qf5 22. Nxa5 Nxa5 23. Qxa5 h5 24. Qa4 Ng4 25. Rf1 e4 26. dxe4 dxe4 27. h3 Nh6
28. Rc4 Rd2 29. Rc2 Rcd8 30. Bc1 Rxe2 31. Rxe2 Qf3+ 32. Kg1 Qxe2 33. Qb5 Qf3
34. Qg5 Rd6 35. Be3 Nf5 36. Qf4 Qxf4 37. gxf4 Nxe3 38. fxe3 Rxb6 39. a4 Rb3 40.
a5 Rxe3 41. Rb1 Rxh3 42. Rxb7 Ra3 43. a6 Bd6 44. Nd5 Rxa6 0-1

[Event "XVIe Open International d'été de Nice"]
[Site "Nice - Hotel Aston"]
[Date "????.??.??"]
[Round "1.5"]
[White "Franco Alonso, Alejandro"]
[Black "Maiffret, Patrick"]
[Result "1-0"]
[WhiteElo "2480"]
[BlackElo "1965"]
[PlyCount "47"]

1. d4 Nf6 2. c4 g6 3. Nc3 d5 4. cxd5 Nxd5 5. Qa4+ Bd7 6. Qb3 Nb6 7. e4 Bg7 8.
Be3 O-O 9. Rd1 a5 10. Nf3 Nc6 11. Be2 a4 12. Qc2 e5 13. d5 Nb4 14. Qd2 Bg4 15.
Bc5 Bxf3 16. Bxf3 Na6 17. Bxf8 Qxf8 18. O-O Nc4 19. Qe2 Qb4 20. Nxa4 Nd6 21.
Nc3 Bh6 22. Qc2 Qc5 23. Rfe1 Nb4 24. Qb1 1-0

[Event "XVIe Open International d'été de Nice"]
[Site "Nice - Hotel Aston"]
[Date "????.??.??"]
[Round "1.6"]
[White "Nicolas, Ludovic"]
[Black "Lazarev, Vladimir"]
[Result "0-1"]
[WhiteElo "1959"]
[BlackElo "2462"]
[PlyCount "80"]

1. d4 Nf6 2. Nf3 c5 3. d5 b5 4. c4 Bb7 5. Qb3 Qb6 6. Nc3 b4 7. Nd1 e6 8. Qe3
Be7 9. dxe6 fxe6 10. g3 Nc6 11. Bg2 Nd4 12. Qd2 Qa6 13. Nxd4 Bxg2 14. Rg1 Be4
15. Nf3 Qxc4 16. Ne3 Qa6 17. b3 Qb7 18. Ne5 d6 19. N5c4 Rd8 20. f3 Bg6 21. Bb2
O-O 22. h4 d5 23. Ne5 Be8 24. N3g4 d4 25. Rc1 Nd5 26. h5 Nc3 27. h6 g6 28. Nf2
Rf5 29. Ned3 Bg5 30. f4 Bxh6 31. Ng4 Bf8 32. Nde5 Qa8 33. a4 Bg7 34. Qd3 g5 35.
Qc4 Qd5 36. Qxd5 exd5 37. Nd3 Rc8 38. Kf2 a5 39. Ke1 c4 40. Nde5 h5 0-1

[Event "XVIe Open International d'été de Nice"]
[Site "Nice - Hotel Aston"]
[Date "????.??.??"]
[Round "1.7"]
[White "Doncea, Vladimir"]
[Black "Perez Cameselle, Francisco"]
[Result "1-0"]
[WhiteElo "2460"]
[BlackElo "1958"]
[PlyCount "43"]

1. c4 Nf6 2. Nc3 e6 3. e4 d5 4. e5 d4 5. exf6 dxc3 6. bxc3 Qxf6 7. Nf3 c5 8.
Bd3 Bd6 9. Be4 Qd8 10. d4 cxd4 11. cxd4 Bb4+ 12. Kf1 Be7 13. Bf4 Nc6 14. d5
exd5 15. cxd5 Nb8 16. Qc2 h6 17. Bc7 Qd7 18. Ne5 Qb5+ 19. Bd3 Qc5 20. Qa4+ Kf8
21. Qf4 Bf6 22. Bd6+ 1-0

[Event "XVIe Open International d'été de Nice"]
[Site "Nice - Hotel Aston"]
[Date "????.??.??"]
[Round "1.8"]
[White "Samuel, Christian"]
[Black "Shoker, Samy"]
[Result "0-1"]
[WhiteElo "1954"]
[BlackElo "2448"]
[PlyCount "44"]

1. d4 g6 2. Nf3 Bg7 3. c4 d6 4. g3 Nf6 5. Bg2 O-O 6. Nc3 Nc6 7. e4 Bg4 8. h3
Bxf3 9. Bxf3 Nd7 10. Be3 Na5 11. b3 c5 12. Rc1 Nc6 13. dxc5 dxc5 14. O-O Qc8
15. Bg4 e6 16. Nb5 a6 17. Nd6 Qc7 18. f4 Rad8 19. e5 Ndxe5 20. Bxc5 Nxg4 21.
hxg4 Bd4+ 22. Bxd4 Rxd6 0-1

[Event "XVIe Open International d'été de Nice"]
[Site "Nice - Hotel Aston"]
[Date "????.??.??"]
[Round "1.9"]
[White "Gladyszev, Oleg"]
[Black "Canonge, Jerome"]
[Result "1-0"]
[WhiteElo "2447"]
[BlackElo "1945"]
[PlyCount "47"]

1. d4 d5 2. c4 c6 3. Nf3 Nf6 4. Nc3 e6 5. Bg5 Be7 6. e3 Nbd7 7. Bd3 dxc4 8.
Bxc4 b5 9. Bd3 a6 10. a4 Bb7 11. O-O Rc8 12. Qe2 b4 13. Bxf6 gxf6 14. Ne4 Qa5
15. Nfd2 Rg8 16. Nb3 Qd5 17. f3 c5 18. Nbxc5 Nxc5 19. dxc5 f5 20. Rad1 Qe5 21.
Bxa6 fxe4 22. Bxb7 Rxc5 23. f4 Qf5 24. Rd4 1-0

[Event "XVIe Open International d'été de Nice"]
[Site "Nice - Hotel Aston"]
[Date "????.??.??"]
[Round "1.10"]
[White "Provang, Bruno"]
[Black "Salvador, Roland"]
[Result "0-1"]
[WhiteElo "1938"]
[BlackElo "2447"]
[PlyCount "62"]

1. e4 c5 2. Nf3 Nc6 3. d4 cxd4 4. Nxd4 e5 5. Nb5 d6 6. a4 a6 7. N5a3 f5 8. Bc4
Nf6 9. Bg5 Qa5+ 10. Bd2 Qc7 11. Nc3 fxe4 12. Bg5 Bg4 13. Qd2 Be7 14. Bxf6 Bxf6
15. Nxe4 O-O-O 16. c3 Kb8 17. Bd5 Ne7 18. Nc2 Nxd5 19. Qxd5 Rhe8 20. Nxf6 gxf6
21. Qe4 f5 22. Qb4 f4 23. f3 Bf5 24. O-O-O d5 25. Rd2 d4 26. Rhd1 Rc8 27. Nxd4
exd4 28. Rxd4 Re2 29. R4d2 Rce8 30. Rxe2 Rxe2 31. Qf8+ Bc8 0-1

[Event "XVIe Open International d'été de Nice"]
[Site "Nice - Hotel Aston"]
[Date "????.??.??"]
[Round "1.11"]
[White "Colin, Vincent"]
[Black "Dayan, Benjamin"]
[Result "1-0"]
[WhiteElo "2425"]
[BlackElo "1934"]
[PlyCount "69"]

1. d4 d5 2. c4 c6 3. Nf3 Nf6 4. Nc3 a6 5. c5 Bf5 6. h3 e6 7. g4 Be4 8. Bg2 Nbd7
9. Bf4 Be7 10. Qb3 Ra7 11. Bh2 O-O 12. g5 Nh5 13. Nxe4 dxe4 14. Nd2 e3 15. Qxe3
Bxg5 16. Qf3 Qa5 17. e3 g6 18. a3 Bf6 19. b4 Qb5 20. Qd1 Qd3 21. Be4 Qc3 22.
Rb1 Qxa3 23. Rb3 Qa4 24. Nb1 Bh4 25. Nc3 Qb5 26. Nxb5 axb5 27. O-O Ndf6 28. Bf3
Ra2 29. e4 Rfa8 30. e5 Nd5 31. Bxh5 Bxf2+ 32. Rxf2 Ne3 33. Rxa2 Rxa2 34. Rxe3
Kh8 35. Bf4 1-0

[Event "XVIe Open International d'été de Nice"]
[Site "Nice - Hotel Aston"]
[Date "????.??.??"]
[Round "1.13"]
[White "Marholev, Dimitar"]
[Black "Cosenza, Gianni"]
[Result "1/2-1/2"]
[WhiteElo "2364"]
[BlackElo "1927"]
[PlyCount "42"]

1. e4 e6 2. d4 d5 3. Nd2 Nf6 4. e5 Nfd7 5. Bd3 c5 6. c3 Nc6 7. Ne2 cxd4 8. cxd4
f6 9. exf6 Nxf6 10. Nf3 Bd6 11. O-O Qc7 12. Bg5 O-O 13. Bh4 Nh5 14. Qb1 h6 15.
Bh7+ Kh8 16. Bg6 Nf4 17. Nxf4 Bxf4 18. Bg3 Bd7 19. Qd1 Be8 20. Nh4 Bxg3 21.
hxg3 Rf6 1/2-1/2

[Event "XVIe Open International d'été de Nice"]
[Site "Nice - Hotel Aston"]
[Date "????.??.??"]
[Round "1.30"]
[White "Vincenti, Francois-Xavier"]
[Black "Hallerod, Ralph"]
[Result "1-0"]
[WhiteElo "1833"]
[BlackElo "2116"]
[PlyCount "103"]

1. c4 c6 2. d4 d5 3. e3 Nf6 4. b3 Bf5 5. Bb2 e6 6. Bd3 Ne4 7. Bxe4 Bxe4 8. Nf3
Nd7 9. Nbd2 Bd3 10. Rc1 Qa5 11. a3 Be7 12. b4 Qd8 13. Qb3 Bg6 14. O-O O-O 15.
Rfe1 f5 16. Nf1 Kh8 17. Ng3 Bd6 18. Ne5 Bxe5 19. dxe5 f4 20. exf4 Rxf4 21. cxd5
cxd5 22. Ne2 Re4 23. Nd4 Rxe1+ 24. Rxe1 Qe7 25. Nb5 Nb6 26. Nd6 Nc8 27. Qc3 Qd7
28. Rc1 Nb6 29. Qc7 Qa4 30. Qxb7 h5 31. Bd4 Rf8 32. Bxb6 axb6 33. Qe7 Rg8 34.
Qxe6 Qxa3 35. Rf1 Qd3 36. Nf7+ Bxf7 37. Qxf7 g6 38. e6 Rg7 39. Qf8+ Rg8 40.
Qf6+ Kh7 41. e7 Qe2 42. Qf7+ Kh8 43. Qf8 Kh7 44. h3 d4 45. Qf7+ Kh8 46. Qf6+
Kh7 47. Qxd4 Qxe7 48. Qxb6 Qe5 49. Qc5 Qb8 50. Re1 Rc8 51. Re7+ Kh6 52. Qe3+
1-0

[Event "XVIe Open International d'été de Nice"]
[Site "Nice - Hotel Aston"]
[Date "????.??.??"]
[Round "1.38"]
[White "Gerandi, Guillaume"]
[Black "Waffenschmidt, Joachim"]
[Result "1-0"]
[WhiteElo "1759"]
[BlackElo "2066"]
[PlyCount "71"]

1. e4 e6 2. d4 d5 3. e5 c5 4. c3 Nc6 5. Nf3 Bd7 6. Be2 f6 7. O-O cxd4 8. cxd4
fxe5 9. Nxe5 Nxe5 10. dxe5 Bc5 11. Nc3 Qh4 12. Qb3 Ne7 13. g3 Qb4 14. Qxb4 Bxb4
15. f4 Bc5+ 16. Kh1 O-O 17. Bd2 Bc6 18. Bf3 g5 19. Rac1 Bb6 20. b4 a6 21. a4
gxf4 22. gxf4 Kh8 23. b5 axb5 24. axb5 Bd7 25. Be2 Nf5 26. Bd3 Ne3 27. Rf3 Ng4
28. Be1 Nxe5 29. Rh3 Nxd3 30. Rxd3 Rxf4 31. Ne2 Rf7 32. Bc3+ Kg8 33. Rg3+ Kf8
34. Bb4+ Re7 35. Rf1+ Ke8 36. Rg8# 1-0

[Event "XVIe Open International d'été de Nice"]
[Site "Nice - Hotel Aston"]
[Date "????.??.??"]
[Round "1.40"]
[White "Flaquet, Sebastien"]
[Black "Gertosio, Franck"]
[Result "0-1"]
[WhiteElo "1746"]
[BlackElo "2038"]
[PlyCount "72"]

1. c4 d6 2. Nc3 g6 3. e3 Bg7 4. d4 Nd7 5. Nf3 e5 6. Be2 Ne7 7. O-O O-O 8. b4 c5
9. Rb1 exd4 10. Nb5 Ne5 11. exd4 Nxf3+ 12. Bxf3 a6 13. Na3 cxb4 14. Rxb4 Nc6
15. Bxc6 bxc6 16. d5 a5 17. Rb3 a4 18. Rb4 cxd5 19. Rxa4 Rxa4 20. Qxa4 dxc4 21.
Nxc4 d5 22. Na5 Ba6 23. Nc6 Qa8 24. Re1 Bb7 25. Ne7+ Kh8 26. Qb3 d4 27. f3 Qa7
28. Kh1 Ba6 29. Nc6 Qc7 30. Qa4 Bd3 31. Ba3 Rc8 32. Nb4 Be2 33. Nd3 Qc2 34. Qd7
Rg8 35. Nc5 Qc3 36. Rxe2 Qa1+ 0-1

[Event "XVIe Open International d'été de Nice"]
[Site "Nice - Hotel Aston"]
[Date "????.??.??"]
[Round "2.1"]
[White "Van Hoolandt, Patrick"]
[Black "Sumets, Andrey"]
[Result "0-1"]
[WhiteElo "2233"]
[BlackElo "2595"]
[PlyCount "65"]

1. d4 d5 2. c4 c6 3. cxd5 cxd5 4. Nf3 Nc6 5. Nc3 Nf6 6. Bf4 Bf5 7. e3 e6 8. Bb5
Nd7 9. Qb3 Be7 10. O-O g5 11. Be5 O-O 12. Bg3 Na5 13. Qa4 Nc4 14. Bxd7 Nb6 15.
Qb3 Qxd7 16. Nb5 f6 17. Nd2 Rfc8 18. Rfc1 Rc6 19. Rc3 a6 20. Na3 Rac8 21. Rac1
Rxc3 22. Rxc3 Rxc3 23. bxc3 Qc6 24. h3 Kf7 25. f3 Bd3 26. Bb8 Nd7 27. Bg3 b5
28. Nc2 a5 29. Ne1 Bg6 30. e4 dxe4 31. Nxe4 a4 32. Qb2 Nb6 33. Nd2 0-1

[Event "XVIe Open International d'été de Nice"]
[Site "Nice - Hotel Aston"]
[Date "????.??.??"]
[Round "2.3"]
[White "Mosionzhik, Ilya"]
[Black "Karpatchev, Aleksandr"]
[Result "0-1"]
[WhiteElo "2162"]
[BlackElo "2491"]
[PlyCount "92"]

1. e4 e5 2. Nf3 Nc6 3. Bb5 a6 4. Ba4 Nf6 5. Qe2 b5 6. Bb3 Be7 7. d3 O-O 8. Nc3
d6 9. a4 Bg4 10. Be3 Na5 11. Ba2 b4 12. Nd5 Nxd5 13. Bxd5 c6 14. Ba2 Rb8 15. h3
Bxf3 16. Qxf3 b3 17. cxb3 Nxb3 18. Bxb3 Rxb3 19. Qe2 Qb8 20. Ra2 Qb4+ 21. Bd2
Qb7 22. Bc1 Bd8 23. O-O Bb6 24. Be3 Rb8 25. Rc1 Bxe3 26. Qxe3 c5 27. Rc2 a5 28.
Qd2 Qb4 29. Qxb4 R8xb4 30. Kf1 Rxd3 31. f3 Kf8 32. Ke2 Rdd4 33. Rd2 Ke7 34.
Rxd4 exd4 35. Kd3 d5 36. exd5 Kd6 37. Kc2 c4 38. Ra1 d3+ 39. Kc3 Kxd5 40. Ra3
Kc5 41. h4 h5 42. g4 g6 43. gxh5 gxh5 44. f4 f5 45. Ra2 Rb3+ 46. Kd2 Kd4 0-1

[Event "XVIe Open International d'été de Nice"]
[Site "Nice - Hotel Aston"]
[Date "2009.08.04"]
[Round "2.6"]
[White "Lazarev, Vladimir"]
[Black "Bressac, Stephane"]
[Result "0-1"]
[WhiteElo "2462"]
[BlackElo "2184"]
[PlyCount "82"]

1. c4 c6 2. e4 e6 3. d4 d5 4. exd5 exd5 5. Nc3 Nf6 6. Nf3 Be7 7. Be2 O-O 8. O-O
dxc4 9. Bxc4 b5 10. Bb3 a6 11. Be3 Bb7 12. Rc1 Nbd7 13. a4 Rc8 14. Ne5 b4 15.
Ne2 c5 16. Nxd7 Nxd7 17. Qd2 cxd4 18. Rxc8 Qxc8 19. Nxd4 Nf6 20. Rc1 Qd7 21. f3
Rd8 22. Rd1 h6 23. Bc2 Bc5 24. Bf2 Ng4 25. fxg4 Qxg4 26. Be3 Bxd4 27. Kf1 b3
28. Bxb3 Bb6 29. Qxd8+ Bxd8 30. Rxd8+ Kh7 31. Rd2 Qf5+ 32. Kg1 Qb1+ 33. Bd1 Bc6
34. Kf2 Qf5+ 35. Kg1 Qe5 36. Bc2+ Be4 37. Bb3 Bxg2 38. Re2 Bf3 39. Bc2+ g6 40.
Re1 Qxb2 41. Rc1 Ba8 0-1

[Event "XVIe Open International d'été de Nice"]
[Site "Nice - Hotel Aston"]
[Date "????.??.??"]
[Round "2.16"]
[White "Safranska, Anda"]
[Black "Vincenti, Francois-Xavier"]
[Result "0-1"]
[WhiteElo "2310"]
[BlackElo "1833"]
[PlyCount "98"]

1. e4 e6 2. Qe2 Be7 3. Nf3 c5 4. g3 b6 5. Bg2 Bb7 6. O-O Nc6 7. d3 d6 8. c3 Nf6
9. Rd1 O-O 10. Nbd2 Ba6 11. Nf1 Ne5 12. h3 Qc7 13. Ne1 c4 14. d4 Nd3 15. Nxd3
cxd3 16. Qe1 e5 17. d5 Nd7 18. Nd2 Nc5 19. Nb3 f5 20. exf5 Rxf5 21. Nxc5 bxc5
22. Be4 Rh5 23. Bxd3 Bxd3 24. Rxd3 Rxh3 25. Qe4 Qd7 26. Be3 Rh5 27. Kf1 Rf8 28.
Ke2 Bd8 29. c4 Rh2 30. Ra3 Qb7 31. Rb3 Qf7 32. Rf1 Qh5+ 33. g4 Qf7 34. Kd1 Rh4
35. f3 Qd7 36. Bf2 Rh3 37. Ra3 Rf4 38. Qc2 Rh2 39. Qc3 Rh3 40. Qc2 Rhxf3 41.
Rxf3 Rxf3 42. Rg1 Qf7 43. Rg2 Bg5 44. Rh2 h6 45. Ke2 Qf4 46. Rg2 e4 47. b3 Rd3
48. Ke1 Rd2 49. Qc3 Rxf2 0-1

[Event "XVIe Open International d'été de Nice"]
[Site "Nice - Hotel Aston"]
[Date "????.??.??"]
[Round "2.17"]
[White "Lissine, Vladimir"]
[Black "Vatter, Hans-Joachim"]
[Result "0-1"]
[WhiteElo "1794"]
[BlackElo "2302"]
[PlyCount "60"]

1. c4 e5 2. e3 Nf6 3. d4 exd4 4. exd4 d5 5. Nf3 Bb4+ 6. Nc3 O-O 7. Be2 dxc4 8.
O-O Be6 9. Ng5 Bxc3 10. Nxe6 Qd6 11. Nxf8 Bxd4 12. Nxh7 Nxh7 13. Be3 Bxb2 14.
Qxd6 cxd6 15. Rad1 c3 16. Rxd6 Nc6 17. Bf3 Nb4 18. Bxb7 Re8 19. Bd4 Ng5 20. a3
Nc2 21. Bxc3 Bxc3 22. Rc6 Nd4 23. Rxc3 Ne2+ 24. Kh1 Nxc3 25. h4 Nge4 26. Kh2
Rb8 27. Bc6 Rb6 28. Bd7 Rb2 29. f3 Nd2 30. Rf2 Nd1 0-1

[Event "XVIe Open International d'été de Nice"]
[Site "Nice - Hotel Aston"]
[Date "????.??.??"]
[Round "2.20"]
[White "Nippgen, Georg"]
[Black "Gerandi, Guillaume"]
[Result "1-0"]
[WhiteElo "2272"]
[BlackElo "1759"]
[PlyCount "83"]

1. c4 Nf6 2. Nc3 g6 3. Nf3 Bg7 4. d4 O-O 5. Bg5 d6 6. e3 c5 7. Be2 Na6 8. O-O
Nc7 9. h3 a6 10. Qd2 Rb8 11. dxc5 dxc5 12. Qxd8 Rxd8 13. Bf4 Nfe8 14. Nd5 Rd7
15. Nxc7 Nxc7 16. Rad1 e5 17. Nxe5 Rxd1 18. Rxd1 Be6 19. Nd7 Rd8 20. Nxc5 Rxd1+
21. Bxd1 Ne8 22. b3 b5 23. Nxe6 fxe6 24. cxb5 axb5 25. a4 bxa4 26. bxa4 Bc3 27.
Kf1 Kf7 28. Ke2 Ba5 29. Be5 Ke7 30. Kd3 Nd6 31. Bc2 Kd7 32. Bc3 Bb6 33. a5 Ba7
34. Ba4+ Kc7 35. g4 Kd8 36. f4 Kc7 37. Be5 Bb8 38. Bb3 Kd8 39. Bxe6 Ke7 40. Bd5
Ba7 41. e4 Kd7 42. g5 1-0

[Event "XVIe Open International d'été de Nice"]
[Site "Nice - Hotel Aston"]
[Date "????.??.??"]
[Round "3.1"]
[White "Sumets, Andrey"]
[Black "Gachet, Sebastien"]
[Result "1-0"]
[WhiteElo "2595"]
[BlackElo "2330"]
[PlyCount "77"]

1. d4 Nf6 2. c4 g6 3. Nc3 Bg7 4. e4 d6 5. Nf3 O-O 6. Be2 e5 7. O-O Nc6 8. d5
Ne7 9. Ne1 Ne8 10. Be3 f5 11. f3 f4 12. Bf2 g5 13. c5 h5 14. cxd6 cxd6 15. Rc1
Rf7 16. a4 Bf8 17. Nb5 a6 18. Na3 Bd7 19. Nc4 Nc8 20. Kh1 Bh6 21. Ra1 Rg7 22.
g3 g4 23. Ng2 Qg5 24. gxf4 exf4 25. Bh4 Qg6 26. fxg4 Bxg4 27. Bf3 Nf6 28. e5
Ne4 29. Bxg4 hxg4 30. Nxf4 Bxf4 31. Rxf4 g3 32. Qf3 Nf2+ 33. Kg2 gxh2+ 34. Kxh2
Ng4+ 35. Kh3 Nxe5 36. Nxe5 dxe5 37. Rf8+ Kh7 38. Rg1 e4 39. Qe2 1-0

[Event "XVIe Open International d'été de Nice"]
[Site "Nice - Hotel Aston"]
[Date "????.??.??"]
[Round "3.2"]
[White "Vatter, Hans-Joachim"]
[Black "Sulava, Nenad"]
[Result "1-0"]
[WhiteElo "2302"]
[BlackElo "2549"]
[PlyCount "41"]

1. e4 e5 2. Nf3 Nc6 3. Bc4 Bc5 4. c3 Nf6 5. d3 a6 6. Bb3 Ba7 7. Qe2 O-O 8. Be3
Bxe3 9. fxe3 d6 10. Nbd2 g6 11. h3 Kg7 12. Qf2 Qe7 13. O-O Ng8 14. Qg3 Bd7 15.
Rf2 Rae8 16. Raf1 Nd8 17. Nh4 Kh8 18. Ndf3 Bb5 19. Ng5 Bxd3 20. Rxf7 Nxf7 21.
Rxf7 1-0

[Event "XVIe Open International d'été de Nice"]
[Site "Nice - Hotel Aston"]
[Date "????.??.??"]
[Round "3.3"]
[White "Karpatchev, Aleksandr"]
[Black "Patuzzo, Fabrizio"]
[Result "1/2-1/2"]
[WhiteElo "2491"]
[BlackElo "2291"]
[PlyCount "76"]

1. e4 c6 2. d4 d5 3. exd5 cxd5 4. c4 Nf6 5. Nc3 e6 6. Nf3 Bb4 7. cxd5 Nxd5 8.
Qc2 Nc6 9. Bd3 Be7 10. a3 Bf6 11. O-O h6 12. Qe2 a6 13. Rd1 Nce7 14. Ne5 Bxe5
15. dxe5 Nxc3 16. bxc3 Qc7 17. a4 Bd7 18. a5 Nc6 19. Be4 Nxa5 20. Ba3 Bb5 21.
Qg4 Nc4 22. Bd6 Nxd6 23. Qxg7 O-O-O 24. exd6 Qd7 25. Qd4 Kb8 26. c4 e5 27. Qd3
Bc6 28. Bf5 Qe8 29. Qe3 Qg8 30. Bh3 Qg6 31. d7 Qe4 32. Qc5 Rhg8 33. f3 Qxf3 34.
Rd2 Qxh3 35. Qd6+ Ka7 36. Qc5+ Kb8 37. Qd6+ Ka7 38. Qc5+ Kb8 1/2-1/2

[Event "XVIe Open International d'été de Nice"]
[Site "Nice - Hotel Aston"]
[Date "????.??.??"]
[Round "3.6"]
[White "Doncea, Vladimir"]
[Black "Bressac, Stephane"]
[Result "1-0"]
[WhiteElo "2460"]
[BlackElo "2184"]
[PlyCount "55"]

1. c4 c6 2. Nf3 d5 3. g3 Nf6 4. Bg2 e6 5. O-O Bd6 6. d3 O-O 7. Nc3 Nbd7 8. b3
Qe7 9. cxd5 exd5 10. Re1 Ne5 11. Nxe5 Bxe5 12. d4 Bd6 13. e4 dxe4 14. Nxe4 Nxe4
15. Bxe4 Qf6 16. Qc2 h6 17. Bb2 Qg5 18. h4 Qh5 19. Qc3 f5 20. d5 Qg6 21. Bf3 f4
22. Bh5 Qh7 23. dxc6 fxg3 24. fxg3 bxc6 25. Rad1 Bc7 26. Re7 Bb6+ 27. Kh1 Kh8
28. Qxg7+ 1-0

[Event "XVIe Open International d'été de Nice"]
[Site "Nice - Hotel Aston"]
[Date "????.??.??"]
[Round "3.7"]
[White "Vincenti, Francois-Xavier"]
[Black "Shoker, Samy"]
[Result "0-1"]
[WhiteElo "1833"]
[BlackElo "2448"]
[PlyCount "38"]

1. d4 g6 2. c4 Bg7 3. Nc3 d6 4. g3 Nd7 5. e3 h5 6. Bg2 Ngf6 7. Nge2 h4 8. Qc2
e5 9. Bd2 c6 10. Ne4 Nxe4 11. Bxe4 Nf6 12. dxe5 dxe5 13. Bg2 Bf5 14. e4 Bg4 15.
f3 h3 16. fxg4 hxg2 17. Rg1 Rxh2 18. O-O-O Nxg4 19. Nc3 Nf2 0-1

[Event "XVIe Open International d'été de Nice"]
[Site "Nice - Hotel Aston"]
[Date "????.??.??"]
[Round "3.9"]
[White "Schwarzkopf, Ludwig"]
[Black "Salvador, Roland"]
[Result "0-1"]
[WhiteElo "1595"]
[BlackElo "2447"]
[PlyCount "68"]

1. d4 Nf6 2. c4 c6 3. Nf3 d5 4. Nc3 a6 5. Bg5 dxc4 6. Bxf6 exf6 7. e3 b5 8. a4
Bb4 9. Qc2 O-O 10. Be2 Bb7 11. O-O Nd7 12. Nd2 Qb6 13. Bf3 Rac8 14. Rfb1 c5 15.
d5 Ne5 16. e4 Nxf3+ 17. Nxf3 Rfe8 18. Nd2 Rb8 19. f3 Bc8 20. Rd1 Bd7 21. Rdb1
g6 22. Re1 h5 23. Kh1 Qd6 24. axb5 axb5 25. Rad1 h4 26. Nf1 Ba5 27. Re2 b4 28.
Nb1 Bb5 29. Rf2 Bc7 30. Nbd2 Qa6 31. Ne3 Ba4 32. b3 cxb3 33. Nxb3 Qd6 34. Nc4
Qxh2# 0-1

[Event "XVIe Open International d'été de Nice"]
[Site "Nice - Hotel Aston"]
[Date "????.??.??"]
[Round "3.10"]
[White "Ajdari, Emmanuel"]
[Black "Mrdja, Milan"]
[Result "0-1"]
[WhiteElo "1530"]
[BlackElo "2418"]
[PlyCount "42"]

1. e4 c5 2. Nf3 e6 3. d4 cxd4 4. Nxd4 a6 5. Nc3 Qc7 6. Be3 Nf6 7. f3 Bb4 8. Qd2
d5 9. Bd3 e5 10. exd5 exd4 11. Bxd4 Nxd5 12. O-O Bxc3 13. Rfe1+ Be6 14. bxc3
Nc6 15. Bxg7 Rg8 16. Qg5 Qe7 17. Qh6 O-O-O 18. c4 Qc5+ 19. Kh1 Nde7 20. Be4 Nf5
21. Qh5 Ng3+ 0-1

[Event "XVIe Open International d'été de Nice"]
[Site "Nice - Hotel Aston"]
[Date "????.??.??"]
[Round "3.13"]
[White "Colin, Vincent"]
[Black "Perrois, Aurelien"]
[Result "1-0"]
[WhiteElo "2425"]
[BlackElo "1829"]
[PlyCount "31"]

1. c4 e5 2. g3 c6 3. d4 exd4 4. Qxd4 Nf6 5. Bg2 Be7 6. Nc3 d6 7. Bf4 Be6 8. Rd1
Na6 9. Nf3 d5 10. cxd5 Nxd5 11. Nxd5 Bxd5 12. Qxg7 Bf6 13. Qh6 Qe7 14. O-O
O-O-O 15. e4 Bxe4 16. Bh3+ 1-0

[Event "XVIe Open International d'été de Nice"]
[Site "Nice - Hotel Aston"]
[Date "????.??.??"]
[Round "3.14"]
[White "Marholev, Dimitar"]
[Black "Morlino, Jean-Baptiste"]
[Result "1-0"]
[WhiteElo "2364"]
[BlackElo "2024"]
[PlyCount "49"]

1. e4 d6 2. d4 Nf6 3. Nc3 g6 4. Be2 c6 5. h4 b5 6. Bf3 a6 7. h5 b4 8. Nce2 Bg4
9. Bxg4 Nxg4 10. hxg6 fxg6 11. Nf4 Nf6 12. Nxg6 Rg8 13. Nxf8 Kxf8 14. Qf3 Nbd7
15. Rxh7 Ke8 16. Rh4 Qa5 17. Bd2 Qb6 18. Ne2 Rc8 19. g4 d5 20. e5 Ne4 21. e6
Ndf6 22. g5 Nxd2 23. Kxd2 Ne4+ 24. Rxe4 dxe4 25. Qf7+ 1-0

[Event "XVIe Open International d'été de Nice"]
[Site "Nice - Hotel Aston"]
[Date "????.??.??"]
[Round "3.20"]
[White "Podvin, Francois-Xavier"]
[Black "Van Hoolandt, Patrick"]
[Result "0-1"]
[WhiteElo "1928"]
[BlackElo "2233"]
[PlyCount "38"]

1. e4 e5 2. f4 exf4 3. Nf3 g5 4. h4 g4 5. Ne5 d6 6. Nxg4 Nf6 7. Nxf6+ Qxf6 8.
Nc3 Nc6 9. Bb5 Kd8 10. Bxc6 bxc6 11. d4 Bh6 12. e5 Qg6 13. Qf3 Rg8 14. Bxf4 d5
15. Bg5+ Bxg5 16. hxg5 Bf5 17. Rf1 Be6 18. Qf6+ Kd7 19. Na4 $4 (19. O-O-O $14)
19... Qe4+ 0-1

[Event "XVIe Open International d'été de Nice"]
[Site "Nice - Hotel Aston"]
[Date "????.??.??"]
[Round "3.21"]
[White "Pelagatti, Alessandro"]
[Black "Lissine, Vladimir"]
[Result "1-0"]
[WhiteElo "2206"]
[BlackElo "1794"]
[PlyCount "43"]

1. d4 c5 2. d5 d6 3. e4 e5 4. Nc3 a6 5. a4 f5 6. exf5 Bxf5 7. Bd3 Bxd3 8. Qxd3
Be7 9. Nge2 Nf6 10. O-O O-O 11. Ng3 g6 12. f4 exf4 13. Bxf4 Nbd7 14. Nge4 Ne5
15. Bxe5 dxe5 16. d6 Nxe4 17. Nxe4 Rxf1+ 18. Rxf1 Bg5 19. Qd5+ Kg7 20. Qxe5+
Kh6 21. Rf3 c4 22. Nxg5 1-0